[Event "VII Open Alto Sangro A"]
[Site "Castel di Sangro ITA"]
[Date "2007.12.08"]
[Round "4"]
[White "Stromboli, Carlo"]
[Black "Catracchia, Mauro"]
[Result "1-0"]
[WhiteElo "2248"]
[BlackElo "2004"]
[PlyCount "65"]
[EventDate "2007.12.07"]

1. e4 e5 2. Nf3 Nc6 3. Nc3 Nf6 4. a3 Be7 5. Bb5 d6 6. h3 O-O 7. O-O h6 8. Re1
Be6 9. d4 exd4 10. Nxd4 Nxd4 11. Qxd4 c6 12. Bf1 Qa5 13. Bd2 Qh5 14. e5 Nd5 15.
Nxd5 cxd5 16. Qb4 Rad8 17. Bc3 Rd7 18. Qa4 a6 19. exd6 Rxd6 20. Bb4 b5 21. Qb3
Rd7 22. Bxe7 Rxe7 23. a4 d4 24. Qb4 Rd7 25. axb5 axb5 26. Ra5 Rd5 27. Rxb5 Rfd8
28. Qxd4 Bxh3 29. Rxd5 Rxd5 30. Re8+ Kh7 31. Bd3+ f5 32. Qxd5 Qxe8 33. gxh3 1-0

[Event "VII Open Alto Sangro A"]
[Site "Castel di Sangro ITA"]
[Date "2007.12.08"]
[Round "4"]
[White "Stromboli, Ettore"]
[Black "Ferretti, Folco"]
[Result "1-0"]
[WhiteElo "2281"]
[BlackElo "2250"]
[PlyCount "75"]
[EventDate "2007.12.07"]

1. e4 d6 2. d4 Nf6 3. Nc3 e5 4. Nf3 Nbd7 5. g4 h6 6. Rg1 c6 7. Be3 Qa5 8. Qd2
exd4 9. Bxd4 Ne5 10. Bxe5 dxe5 11. g5 Nh5 12. O-O-O Be7 13. Bc4 Bh3 14. g6 fxg6
15. Rxg6 Rd8 16. Qe3 Rxd1+ 17. Nxd1 Bc8 18. a3 Bf6 19. b4 Qb6 20. Qb3 Nf4 21.
Rg1 Qc7 22. a4 Ke7 23. Ne3 Rd8 24. Nh4 Kf8 25. Nhf5 Bxf5 26. Nxf5 Qd7 27. Qe3
b6 28. h4 c5 29. b5 Qe8 30. Ba2 g5 31. Nxh6 Qh5 32. Qb3 Ne2+ 33. Kb2 Qg6 34.
hxg5 Nxg1 35. gxf6 Rd7 36. Qe6 Nf3 37. Qxd7 Qxf6 38. Nf5 1-0

[Event "XVI Weekend A"]
[Site "Grammichele ITA"]
[Date "2007.10.13"]
[Round "6"]
[White "Seminara, Antonio"]
[Black "Mazzilli, Piero"]
[Result "0-1"]
[WhiteElo "1976"]
[BlackElo "2305"]
[PlyCount "74"]
[EventDate "2007.10.06"]

1. d4 f5 2. c4 Nf6 3. h3 d6 4. Nf3 g6 5. Nc3 Bg7 6. Bf4 O-O 7. Qc1 Re8 8. Bh6
Bh8 9. Qg5 c5 10. Nh4 Kf7 11. d5 Qa5 12. O-O-O Nh5 13. g4 Bf6 14. Qd2 Bxh4 15.
gxh5 Bf6 16. h4 Rg8 17. Bg2 Na6 18. Rdg1 b5 19. cxb5 Nb4 20. Kb1 Rb8 21. Bf3
Rxb5 22. hxg6+ hxg6 23. a3 Rb6 24. h5 Nd3 25. hxg6+ Ke8 26. Qxd3 Bxc3 27. Bc1
Qxa3 28. Qc2 c4 29. g7 Bxb2 30. Qxb2 Rxb2+ 31. Bxb2 Qb4 32. Rh8 c3 33. Rxg8+
Kd7 34. Rd8+ Kxd8 35. g8=Q+ Kc7 36. Kc2 Qxb2+ 37. Kd3 Ba6+ 0-1

[Event "XVI Weekend C"]
[Site "Ceriano Laghetto ITA"]
[Date "2007.03.30"]
[Round "1"]
[White "Rossini, Luca"]
[Black "Del Barba, Giuseppe"]
[Result "0-1"]
[WhiteElo "1440"]
[BlackElo "1515"]
[PlyCount "72"]
[EventDate "2007.03.30"]

1. e4 e5 2. Nf3 Nc6 3. Nc3 Nf6 4. Bc4 Bc5 5. d3 d6 6. h3 a6 7. Bg5 h6 8. Bxf6
Qxf6 9. Nd5 Qd8 10. O-O Nb4 11. Nxb4 Bxb4 12. c3 Bc5 13. b4 Bb6 14. d4 exd4 15.
Nxd4 Qg5 16. Qf3 O-O 17. Nf5 Qf6 18. Rad1 Kh7 19. a4 a5 20. b5 Re8 21. Nd4 Qxf3
22. Nxf3 Kg8 23. Rfe1 Be6 24. Bxe6 Rxe6 25. Nh4 Rae8 26. Nf5 Rxe4 27. Rxe4 Rxe4
28. Kf1 Kf8 29. Ng3 Rxa4 30. Rd3 Ra2 31. Ne2 Ra1+ 32. Nc1 Rxc1+ 33. Ke2 Rc2+
34. Kf3 Rxf2+ 35. Kg3 Rb2 36. c4 Bf2+ 0-1

[Event "XVI Weekend C"]
[Site "Ceriano Laghetto ITA"]
[Date "2007.03.31"]
[Round "2"]
[White "Porta, Valerio"]
[Black "Rossini, Luca"]
[Result "1-0"]
[WhiteElo "1452"]
[BlackElo "1440"]
[PlyCount "116"]
[EventDate "2007.03.30"]

1. e4 e5 2. Nf3 Nc6 3. Bc4 Nf6 4. d3 Bc5 5. Nc3 d6 6. Bg5 h6 7. Bxf6 Qxf6 8.
Nd5 Qd8 9. c3 Be6 10. a4 a5 11. Qb3 Rb8 12. O-O O-O 13. Rad1 Bg4 14. Ne3 Bxf3
15. gxf3 Bxe3 16. fxe3 Qg5+ 17. Kh1 Qxe3 18. Rde1 Qg5 19. Rg1 Qf6 20. Rg3 Ne7
21. Reg1 g6 22. Qb5 b6 23. Qd7 Rb7 24. Qh3 Kg7 25. Bb5 Qe6 26. Qh4 Qf6 27. Qh5
Kh7 28. Qh3 Rh8 29. Bc4 Kg7 30. Bb5 c6 31. Bc4 d5 32. exd5 cxd5 33. Bb3 b5 34.
Qg2 bxa4 35. Bxa4 d4 36. cxd4 exd4 37. h3 Nd5 38. f4 Nxf4 39. Qxb7 Ne2 40. Qg2
Nxg3+ 41. Qxg3 Rc8 42. b3 h5 43. Qg2 Rc3 44. Rf1 Qe6 45. Qf2 Rc7 46. Kg1 f6 47.
h4 Rf7 48. Bb5 Qe3 49. Qxe3 dxe3 50. Re1 Re7 51. Kg2 g5 52. hxg5 fxg5 53. Bc6
g4 54. Kg3 Kg6 55. Kh4 e2 56. Be4+ Kh6 57. Rxe2 Rg7 58. Rf2 Rb7 1-0

[Event "XVI Weekend C"]
[Site "Ceriano Laghetto ITA"]
[Date "2007.03.31"]
[Round "3"]
[White "Gerosa, Ottavio"]
[Black "Rossini, Luca"]
[Result "0-1"]
[WhiteElo "1368"]
[BlackElo "1440"]
[PlyCount "92"]
[EventDate "2007.03.30"]

1. e4 e5 2. Nf3 Nc6 3. Bc4 Bc5 4. c3 d6 5. h3 Nf6 6. d3 h6 7. O-O O-O 8. Re1
Re8 9. d4 Bb6 10. Be3 a6 11. b4 a5 12. b5 Ne7 13. Nh4 Kh8 14. Bxf7 Rf8 15. Bg6
Nxe4 16. Bxe4 Qe8 17. Qd3 Rf6 18. c4 Bxd4 19. Bxd4 exd4 20. Nd2 Qf7 21. Re2 c6
22. Rae1 d5 23. Bg6 Nxg6 24. Nxg6+ Rxg6 25. Re8+ Kh7 26. Nf3 Bf5 27. R8e7 Qxe7
28. Qxf5 Qf6 29. Qd3 dxc4 30. Qxc4 cxb5 31. Qxb5 b6 32. Qd3 Qd6 33. Ne5 Re8 34.
Kf1 Rxe5 35. Rd1 Rd5 36. g4 Kg8 37. Rc1 Rc5 38. Qb3+ Kh7 39. Rd1 Qh2 40. Qf3
Rc3 41. Rd3 Rc1+ 42. Ke2 Qe5+ 43. Re3 dxe3 44. fxe3 Rc2+ 45. Kf1 Qa1+ 46. Qd1
Qxd1# 0-1

[Event "XVI Weekend C"]
[Site "Ceriano Laghetto ITA"]
[Date "2007.04.01"]
[Round "4"]
[White "Rossini, Luca"]
[Black "Fock, Giustino"]
[Result "1/2-1/2"]
[WhiteElo "1440"]
[BlackElo "1383"]
[PlyCount "121"]
[EventDate "2007.03.30"]

1. e4 c6 2. Nc3 e5 3. Nf3 d6 4. d3 g6 5. g3 Bg7 6. Bg2 Nf6 7. O-O O-O 8. Bg5
Be6 9. Qd2 Nbd7 10. d4 Qc7 11. a3 b5 12. d5 cxd5 13. exd5 Bf5 14. Rac1 Qb6 15.
Bh6 b4 16. Bxg7 Kxg7 17. axb4 Qxb4 18. b3 Rfc8 19. Ne4 Qxd2 20. Nexd2 Rxc2 21.
Rxc2 Bxc2 22. b4 Rb8 23. Rc1 Bd3 24. Rc3 Be2 25. Nc4 Rxb4 26. Nxd6 Rb1+ 27. Bf1
Bxf1 28. Nd2 Rd1 29. Nxf1 Rxd5 30. Nc4 Ne4 31. Re3 Rd4 32. Nb2 Nd2 33. Nxd2
Rxd2 34. Nc4 Rd5 35. Ra3 Nb6 36. Ne3 Rd7 37. Ng4 Nc4 38. Ra4 Rc7 39. Ra6 Re7
40. Nf6 Re6 41. Rxe6 fxe6 42. Ne8+ Kf7 43. Nc7 Ke7 44. Kg2 Kd7 45. Nb5 a5 46.
Nc3 Kd6 47. Kf3 Kc5 48. Ke4 Kb4 49. Na2+ Kb3 50. Nc1+ Kc2 51. Nd3 a4 52. Nb4+
Kb3 53. Nd3 Kc2 54. Nb4+ Kc3 55. Na2+ Kb2 56. Nb4 Kb3 57. Nd3 a3 58. Nc1+ Kc2
59. Na2 Kb2 60. Nb4 Kc3 61. Na2+ 1/2-1/2

[Event "C.to Provinciale TA 2008"]
[Site "Taranto ITA"]
[Date "2007.12.15"]
[Round "1"]
[White "Abbatemaggio, Francesco"]
[Black "Granaldi, Alessandro"]
[Result "0-1"]
[WhiteElo "1487"]
[BlackElo "2079"]
[PlyCount "56"]
[EventDate "2007.12.15"]

1. d4 Nf6 2. c4 c5 3. Nf3 e6 4. Nc3 cxd4 5. Nxd4 a6 6. g3 Qc7 7. b3 d5 8. e3
dxc4 9. bxc4 Nc6 10. Qa4 Bd7 11. Ndb5 Qb8 12. Na3 b5 13. Qb3 b4 14. Rb1 bxc3
15. Qxc3 Bb4 16. Rxb4 Qxb4 17. Bd2 Qxc3 18. Bxc3 O-O 19. Bg2 Rab8 20. O-O Nb4
21. Rd1 Ba4 22. Bxb4 Rxb4 23. Rd4 Rb2 24. c5 Be8 25. c6 Rxa2 26. Ra4 Ra1+ 27.
Bf1 Bxc6 28. Rxa6 Bb5 0-1

[Event "C.to Provinciale TA 2008"]
[Site "Taranto ITA"]
[Date "2007.12.15"]
[Round "1"]
[White "Albano, Vito"]
[Black "Pesce, Valter"]
[Result "1/2-1/2"]
[WhiteElo "1700"]
[BlackElo "1440"]
[PlyCount "106"]
[EventDate "2007.12.15"]

1. d4 d5 2. e3 Nf6 3. Nf3 Nc6 4. Bd3 e6 5. O-O Bd6 6. Bd2 O-O 7. c4 b6 8. Qc2
Bb7 9. a3 Re8 10. Nc3 a6 11. Rfe1 Na5 12. cxd5 exd5 13. Rac1 Nc6 14. b4 Na7 15.
Qb2 c6 16. Qb1 h6 17. Bf5 Bc8 18. Na4 Bxf5 19. Qxf5 Ne4 20. Re2 g6 21. Qh3 Kg7
22. Nc3 Qc8 23. Qxc8 Raxc8 24. Nxe4 dxe4 25. Ne1 Nb5 26. Nc2 c5 27. a4 Nc7 28.
bxc5 bxc5 29. dxc5 Bxc5 30. Nb4 Bxb4 31. Bxb4 Nd5 32. Bc5 Kh7 33. Rec2 f5 34.
g3 g5 35. Bd4 Rxc2 36. Rxc2 Kg6 37. Rc6+ Kh7 38. Rxa6 f4 39. Ra7+ Kg6 40. g4 h5
41. Ra6+ Kh7 42. gxh5 Nb4 43. Rb6 Nd5 44. Rd6 Nb4 45. a5 Ra8 46. exf4 gxf4 47.
Re6 e3 48. fxe3 fxe3 49. Bxe3 Rxa5 50. Rh6+ Kg7 51. Bf4 Rf5 52. Rg6+ Kf7 53.
Rg4 Rxh5 1/2-1/2

[Event "C.to Provinciale TA 2008"]
[Site "Taranto ITA"]
[Date "2007.12.15"]
[Round "1"]
[White "Caramia, Antonio"]
[Black "Pastore, Vito"]
[Result "1-0"]
[WhiteElo "1787"]
[BlackElo "1449"]
[PlyCount "61"]
[EventDate "2007.12.15"]

1. Nf3 Nc6 2. d4 d5 3. c4 e6 4. e3 Bb4+ 5. Nc3 Nf6 6. a3 Ba5 7. b4 Nxb4 8. axb4
Bxb4 9. Bd2 Ne4 10. Nxe4 Bxd2+ 11. Nexd2 b6 12. Bd3 c5 13. O-O Qf6 14. cxd5
exd5 15. Bb5+ Bd7 16. Qa4 Bxb5 17. Qxb5+ Kd8 18. Ne5 Ke7 19. Qd7+ Kf8 20. Rxa7
Rxa7 21. Qxa7 Qe7 22. Qb8+ Qe8 23. Qxb6 cxd4 24. exd4 f6 25. Nef3 Kf7 26. Re1
Qd8 27. Qb7+ Kg6 28. Nh4+ Kh5 29. Ndf3 Re8 30. Qf7+ Kh6 31. Nf5# 1-0

[Event "C.to Provinciale TA 2008"]
[Site "Taranto ITA"]
[Date "2007.12.15"]
[Round "1"]
[White "Pastore, Giuseppe"]
[Black "Indelicati, Giuseppe"]
[Result "0-1"]
[WhiteElo "1581"]
[BlackElo "2187"]
[PlyCount "42"]
[EventDate "2007.12.15"]

1. e4 e5 2. Nf3 Nc6 3. Bb5 Nf6 4. O-O Bc5 5. Bxc6 dxc6 6. h3 O-O 7. d3 Bd6 8.
Nh2 h6 9. c3 c5 10. f4 exf4 11. Bxf4 Nxe4 12. Bxd6 Nxd6 13. Qh5 Qg5 14. Qxg5
hxg5 15. Nd2 Bf5 16. Rf3 Bg6 17. g4 Rfe8 18. Kf2 Rad8 19. Re1 Rxe1 20. Kxe1 f6
21. Nhf1 Nf7 0-1

[Event "C.to Provinciale TA 2008"]
[Site "Taranto ITA"]
[Date "2007.12.15"]
[Round "1"]
[White "Straniero, Antonio"]
[Black "Troso, Luigi"]
[Result "0-1"]
[WhiteElo "1410"]
[BlackElo "1583"]
[PlyCount "66"]
[EventDate "2007.12.15"]

1. e4 e5 2. Nf3 Nc6 3. Bc4 Bc5 4. c3 Nf6 5. d3 O-O 6. Bg5 d6 7. h3 Be6 8. Bxe6
fxe6 9. O-O Ne7 10. a4 a5 11. Qb3 Qd7 12. Nbd2 c6 13. Nc4 Nc8 14. Nh4 d5 15.
Nxe5 Qc7 16. Nhf3 Bd6 17. Bf4 Nh5 18. Bh2 Nf4 19. Rae1 Bxe5 20. d4 Bd6 21. e5
Be7 22. Qc2 Ng6 23. Kh1 Nb6 24. b3 Qd8 25. Qd2 Rf5 26. g4 Rxf3 27. Kg2 Nh4+ 28.
Kh1 Rxh3 29. Qe2 Qf8 30. f3 Nxf3 31. Rxf3 Rxf3 32. Qg2 Rf2 33. Qg3 Qf3+ 0-1

[Event "C.to Provinciale TA 2008"]
[Site "Taranto ITA"]
[Date "2007.12.16"]
[Round "2"]
[White "De Pace, Orlando"]
[Black "Albano, Vito"]
[Result "1-0"]
[WhiteElo "1404"]
[BlackElo "1700"]
[PlyCount "40"]
[EventDate "2007.12.15"]

1. e4 c5 2. Nf3 Nc6 3. c3 d6 4. d4 cxd4 5. cxd4 a6 6. Be2 Nf6 7. Nc3 g6 8. O-O
Bg7 9. Bg5 O-O 10. Qd2 Re8 11. Rac1 Bg4 12. a3 Rc8 13. Rc2 Qa5 14. Be3 b5 15.
Rfc1 b4 16. axb4 Nxb4 17. Na2 Rxc2 18. Rxc2 Qxa2 19. Qxb4 Qb1+ 20. Rc1 Rc8 1-0

[Event "C.to Provinciale TA 2008"]
[Site "Taranto ITA"]
[Date "2007.12.16"]
[Round "2"]
[White "Granaldi, Alessandro"]
[Black "Scarcia, Sergio"]
[Result "1-0"]
[WhiteElo "2079"]
[BlackElo "1425"]
[PlyCount "43"]
[EventDate "2007.12.15"]

1. c4 Nf6 2. Nc3 c5 3. Nf3 b6 4. g3 Bb7 5. Bg2 g6 6. O-O Bg7 7. Re1 Nc6 8. e4
Ng4 9. d3 Nge5 10. Nh4 Nd4 11. f4 Nec6 12. e5 Qc7 13. Be3 O-O-O 14. Nd5 Qb8 15.
b4 e6 16. bxc5 bxc5 17. Rb1 exd5 18. cxd5 Ne7 19. Bxd4 cxd4 20. Qc2+ Qc7 21.
Qxc7+ Kxc7 22. d6+ 1-0

[Event "C.to Provinciale TA 2008"]
[Site "Taranto ITA"]
[Date "2007.12.16"]
[Round "2"]
[White "Pesce, Valter"]
[Black "Troso, Marco"]
[Result "1-0"]
[WhiteElo "1440"]
[BlackElo "1362"]
[PlyCount "73"]
[EventDate "2007.12.15"]

1. e4 e5 2. Nf3 Nc6 3. Bb5 a6 4. Bxc6 dxc6 5. Nxe5 Bd6 6. Nf3 Nf6 7. Nc3 Bg4 8.
O-O O-O 9. h3 Bh5 10. g4 Bg6 11. e5 Re8 12. exd6 cxd6 13. d4 c5 14. Re1 cxd4
15. Nxd4 Qb6 16. Rxe8+ Rxe8 17. Nce2 Nd5 18. c3 h6 19. Qb3 Qxb3 20. axb3 Bd3
21. Nf4 Nxf4 22. Bxf4 d5 23. Rd1 Bg6 24. Bg3 Re4 25. Nf3 h5 26. gxh5 Bxh5 27.
Kg2 a5 28. Rxd5 g6 29. Rxa5 Re2 30. Ng5 Kg7 31. Be5+ f6 32. Bd4 Rxb2 33. Rb5 b6
34. Rxb6 Kh6 35. Bxf6 Be2 36. Rb7 Ba6 37. Rh7# 1-0

[Event "C.to Provinciale TA 2008"]
[Site "Taranto ITA"]
[Date "2007.12.16"]
[Round "2"]
[White "Pisani, Daniele"]
[Black "Troso, Luigi"]
[Result "1-0"]
[WhiteElo "1763"]
[BlackElo "1583"]
[PlyCount "89"]
[EventDate "2007.12.15"]

1. e4 e5 2. Nf3 Nc6 3. Bb5 Nf6 4. Nc3 Bc5 5. O-O O-O 6. h3 d6 7. Re1 Nd4 8.
Nxd4 Bxd4 9. Qf3 c6 10. Bc4 Be6 11. Qd3 Qb6 12. Re2 Nh5 13. Re3 Bxe3 14. dxe3
Bxc4 15. Qxc4 Qc7 16. b3 b5 17. Qd3 Rad8 18. Qe2 Nf6 19. Qf3 d5 20. Ba3 Rfe8
21. Bc5 Nxe4 22. Nxe4 dxe4 23. Qxe4 Rd5 24. b4 Red8 25. Re1 Rd1 26. Kf1 Rxe1+
27. Kxe1 a6 28. Ke2 f6 29. c4 Qd7 30. Kf3 bxc4 31. Qxc4+ Qd5+ 32. Qxd5+ Rxd5
33. Ke2 e4 34. Bd4 a5 35. a3 Kf7 36. Bc5 Rd3 37. bxa5 Rc3 38. Bb4 Rc4 39. a6 c5
40. a7 cxb4 41. a8=Q Rc2+ 42. Kd1 b3 43. Qd5+ Kg6 44. Qxb3 Rxf2 45. Qe6 1-0

[Event "C.to Provinciale TA 2008"]
[Site "Taranto ITA"]
[Date "2007.12.16"]
[Round "2"]
[White "Varvaglione, Antonio"]
[Black "Francescone, Giovanni"]
[Result "0-1"]
[WhiteElo "1440"]
[BlackElo "1760"]
[PlyCount "46"]
[EventDate "2007.12.15"]

1. e4 c6 2. Nc3 d5 3. exd5 cxd5 4. d4 Nc6 5. Bf4 a6 6. Nf3 Bg4 7. Be2 Bxf3 8.
Bxf3 e6 9. O-O Bd6 10. Bxd6 Qxd6 11. Re1 Nf6 12. Qd2 O-O 13. Rad1 Rfc8 14. Re3
Qb4 15. Be2 b5 16. a3 Qd6 17. Rg3 Ne7 18. Qg5 Ng6 19. Bd3 Qf4 20. Bxg6 Qxg5 21.
Bxf7+ Kxf7 22. Rxg5 Rc4 23. b3 Rxc3 0-1

[Event "C.to Provinciale TA 2008"]
[Site "Taranto ITA"]
[Date "2007.12.16"]
[Round "3"]
[White "Abbatemaggio, Francesco"]
[Black "Villani, Mauro"]
[Result "0-1"]
[WhiteElo "1487"]
[BlackElo "1626"]
[PlyCount "52"]
[EventDate "2007.12.15"]

1. d4 Nf6 2. c4 e6 3. Nc3 Bb4 4. Bd2 O-O 5. e3 b6 6. Nf3 Bb7 7. Be2 d5 8. cxd5
exd5 9. O-O Re8 10. a3 Bf8 11. Bd3 Nbd7 12. Rc1 Ne4 13. Qc2 Ndf6 14. b4 c6 15.
Rfe1 Bd6 16. h3 Qe7 17. Re2 h6 18. Nh4 Bc8 19. Be1 c5 20. Bb5 Rd8 21. Bc6 Rb8
22. Bxd5 Nxc3 23. Ng6 Nxe2+ 24. Qxe2 Qc7 25. Qc4 Nxd5 26. Qxd5 Bh2+ 0-1

[Event "C.to Provinciale TA 2008"]
[Site "Taranto ITA"]
[Date "2007.12.16"]
[Round "3"]
[White "Francescone, Giovanni"]
[Black "Indelicati, Giuseppe"]
[Result "0-1"]
[WhiteElo "1760"]
[BlackElo "2187"]
[PlyCount "98"]
[EventDate "2007.12.15"]

1. e4 e5 2. Nc3 Nf6 3. Bc4 Nxe4 4. Qh5 Nd6 5. Bb3 Nc6 6. Nb5 g6 7. Qf3 f5 8.
Qd5 Qe7 9. Nxc7+ Kd8 10. Nxa8 b6 11. Nxb6 axb6 12. Qf3 Bb7 13. Qh3 Nd4 14. c3
Ne6 15. Bxe6 Qxe6 16. d3 Qd5 17. Ne2 Be7 18. Qe3 Kc7 19. f3 f4 20. Qd2 Nf5 21.
Nxf4 exf4 22. Qxf4+ Bd6 23. Qc4+ Qxc4 24. dxc4 Re8+ 25. Kd1 Nh4 26. Bg5 Nxg2
27. Kd2 Nf4 28. Rae1 Ne6 29. h4 Rf8 30. Rhf1 Nxg5 31. hxg5 Bf4+ 32. Kd3 Bxg5
33. Ke2 Bf4 34. Kd3 Rf7 35. b4 g5 36. a4 h5 37. b5 Bd6 38. a5 bxa5 39. Ra1 Bxf3
40. Kd4 Rf4+ 41. Ke3 Bc5+ 42. Kd2 Kb6 43. Rae1 h4 44. Re8 h3 45. Rb8+ Kc7 46.
Rg8 g4 47. Rg5 d6 48. Re1 h2 49. Re7+ Kb6 0-1

[Event "C.to Provinciale TA 2008"]
[Site "Taranto ITA"]
[Date "2007.12.16"]
[Round "3"]
[White "Troso, Luigi"]
[Black "Scarcia, Sergio"]
[Result "1-0"]
[WhiteElo "1583"]
[BlackElo "1425"]
[PlyCount "99"]
[EventDate "2007.12.15"]

1. e4 c5 2. Nf3 d6 3. d4 cxd4 4. Nxd4 Nf6 5. Nc3 a6 6. a4 e5 7. Nb3 Be6 8. Bd3
Be7 9. O-O O-O 10. f4 Qc7 11. Nd5 Bxd5 12. exd5 Nbd7 13. c4 Rac8 14. Be3 Nb6
15. Nd2 exf4 16. Rxf4 Nbd7 17. Rh4 Ne5 18. Bf5 Rcd8 19. a5 Ned7 20. Ra3 g6 21.
Bxd7 Qxd7 22. Qf3 Nxd5 23. Rh3 Nxe3 24. Qxe3 h5 25. Qh6 Bf6 26. Rxh5 Bd4+ 27.
Kh1 Rfe8 28. Rf3 Re1+ 29. Nf1 Rxf1+ 30. Rxf1 gxh5 31. Rf3 Be5 32. Qxh5 Qe6 33.
Qg5+ Qg6 34. Qxd8+ Kg7 35. Rf1 Qh5 36. h3 Qg6 37. Qd7 Kg8 38. Qxb7 f6 39. Qc8+
Kh7 40. Qf5 Bxb2 41. Qxg6+ Kxg6 42. Rd1 Be5 43. Rb1 Bd4 44. Rb7 Bc5 45. Rb6 Kf5
46. Rxa6 Ke4 47. Ra8 Kd4 48. a6 Kxc4 49. a7 Bxa7 50. Rxa7 1-0

[Event "X Open"]
[Site "Padova ITA"]
[Date "2007.12.21"]
[Round "7"]
[White "Rossi, Carlo"]
[Black "Rettore, Ludwig"]
[Result "0-1"]
[WhiteElo "2342"]
[BlackElo "2177"]
[PlyCount "152"]
[EventDate "2007.12.15"]

1. g3 d5 2. Bg2 Nf6 3. Nf3 Bg4 4. Ne5 Bf5 5. c4 c6 6. cxd5 cxd5 7. Qa4+ Bd7 8.
Qb3 Nc6 9. Nxc6 bxc6 10. d4 e6 11. Nc3 c5 12. Be3 c4 13. Qc2 Qb6 14. Rd1 Rb8
15. O-O Bd6 16. Bc1 O-O 17. e4 Nxe4 18. Nxe4 dxe4 19. Bxe4 f5 20. Bf3 Qa6 21.
a3 Ba4 22. Qe2 Bc7 23. Rde1 Rfe8 24. Bh5 Bc6 25. Bxe8 Rxe8 26. b3 Bd5 27. Bb2
Qb7 28. bxc4 Bf3 29. Qd3 Bg2 30. Qc3 Bh3 31. f3 Ba5 32. Qxa5 Qxb2 33. Rf2 Qxd4
34. c5 Rc8 35. Qb4 Qxc5 36. Qh4 Qe3 37. Rd1 Rc1 38. Qd8+ Kf7 39. Qd2 Rxd1+ 40.
Qxd1 Qxa3 41. Rd2 Qc5+ 42. Kh1 Kg6 43. Qe2 Qc6 44. Rd1 a5 45. Re1 Kf7 46. Qe3
g5 47. Kg1 g4 48. Qh6 Qb6+ 49. Kh1 Qc6 50. Qxh7+ Kf8 51. Qh6+ Kf7 52. Kg1 a4
53. Qe3 gxf3 54. Rc1 f2+ 55. Kxf2 Qg2+ 56. Ke1 Qh1+ 57. Kd2 Qxh2+ 58. Kd3 Qa2
59. Rc7+ Kg6 60. Rc2 Bf1+ 61. Kd2 Qd5+ 62. Ke1 Bc4 63. Rh2 Qe4 64. Rh6+ Kg7 65.
Qxe4 fxe4 66. Rh1 a3 67. Kd2 a2 68. Rc1 Kg6 69. Ke3 Bd3 70. Ra1 Bb1 71. Kf4 Kf6
72. g4 e5+ 73. Ke3 Kg5 74. Rxa2 Bxa2 75. Kxe4 Kf6 76. g5+ Ke6 0-1

[Event "II Weekend Hotel Corallo B"]
[Site "Imperia ITA"]
[Date "2007.11.16"]
[Round "1"]
[White "Bianchimani, Sandro"]
[Black "Rutigliano, Cesare"]
[Result "0-1"]
[WhiteElo "1434"]
[BlackElo "1470"]
[PlyCount "98"]
[EventDate "2007.11.16"]

1. d4 Nf6 2. Nf3 d5 3. e3 Bf5 4. Nbd2 e6 5. Bd3 Bg4 6. Qe2 Be7 7. c3 Nbd7 8.
O-O e5 9. e4 c6 10. h3 Bh5 11. Qe1 dxe4 12. Nxe4 Bxf3 13. gxf3 h6 14. f4 exd4
15. cxd4 Nd5 16. Nd6+ Kf8 17. Nf5 Bf6 18. Bd2 Qb6 19. Bc3 Re8 20. Qd2 Qc7 21.
Bb4+ Kg8 22. Bd6 Qc8 23. Rae1 g6 24. Rxe8+ Qxe8 25. Re1 Qa8 26. Ng3 Bxd4 27.
Re4 Bc5 28. Qe2 Kh7 29. Be5 Re8 30. Qg4 N7f6 31. Bxf6 Nxf6 32. Rxe8 Qxe8 33.
Qe2 Qd7 34. Kg2 Qd5+ 35. Qf3 Qxa2 36. f5 g5 37. Nh5 Qxb2 38. Nxf6+ Qxf6 39. Bc4
b5 40. Bb3 a5 41. Bc2 a4 42. Qe4 Bd4 43. f4 a3 44. Bb3 c5 45. Be6 gxf4 46. Qb7
Qg7+ 47. Kf3 fxe6 48. Qxg7+ Kxg7 49. fxe6 Kf6 0-1

[Event "II Weekend Hotel Corallo B"]
[Site "Imperia ITA"]
[Date "2007.11.16"]
[Round "1"]
[White "Borrelli, Vincenzo"]
[Black "Vocaturo, Riccardo"]
[Result "0-1"]
[WhiteElo "1440"]
[BlackElo "1419"]
[PlyCount "64"]
[EventDate "2007.11.16"]

1. e4 e5 2. Nf3 Nc6 3. Nc3 Nf6 4. Bc4 Be7 5. d3 d6 6. Ng5 O-O 7. Be3 Ng4 8. Bd2
Bxg5 9. Qe2 Bxd2+ 10. Qxd2 Na5 11. Bb5 c6 12. Ba4 b5 13. Bb3 Nxb3 14. axb3 f5
15. f3 Nh6 16. Ke2 fxe4 17. Nxe4 d5 18. Ng5 Nf5 19. c3 b4 20. g4 bxc3 21. bxc3
Nh4 22. Rhf1 h6 23. Nh3 Nxf3 24. Rxf3 Bxg4 25. Raf1 Bxf3+ 26. Rxf3 Rxf3 27.
Kxf3 e4+ 28. Ke2 exd3+ 29. Qxd3 Qe7+ 30. Kd2 Re8 31. c4 Qe1+ 32. Kc2 Re2+ 0-1

[Event "II Weekend Hotel Corallo B"]
[Site "Imperia ITA"]
[Date "2007.11.16"]
[Round "1"]
[White "Brizzi, Matteo"]
[Black "Mela, Gianluca"]
[Result "0-1"]
[WhiteElo "1407"]
[BlackElo "1440"]
[PlyCount "46"]
[EventDate "2007.11.16"]

1. e4 g6 2. d4 Bg7 3. Nf3 d6 4. Nc3 e6 5. Bg5 Ne7 6. Bc4 Nd7 7. O-O a6 8. Re1
h6 9. Bh4 b6 10. Qe2 Bb7 11. Rad1 O-O 12. d5 e5 13. Nd2 Qe8 14. Qf3 f5 15. Qd3
g5 16. Bxg5 hxg5 17. Qg3 Qh5 18. Be2 g4 19. h3 Nf6 20. Bxg4 fxg4 21. f3 Bc8 22.
Rf1 Bh6 23. Kf2 Bf4 0-1

[Event "II Weekend Hotel Corallo B"]
[Site "Imperia ITA"]
[Date "2007.11.16"]
[Round "1"]
[White "De Luca, Fabio"]
[Black "Paganini, Andrea"]
[Result "1-0"]
[WhiteElo "1569"]
[BlackElo "1440"]
[PlyCount "87"]
[EventDate "2007.11.16"]

1. e4 e5 2. Nf3 Nc6 3. Bc4 Bc5 4. c3 Nf6 5. d4 exd4 6. cxd4 Bb4+ 7. Bd2 Bxd2+
8. Nbxd2 d5 9. exd5 Nxd5 10. Qb3 Nce7 11. O-O O-O 12. Rfe1 b6 13. Rac1 Bb7 14.
a3 Nf6 15. Qc3 Qd6 16. Be2 Rac8 17. h3 Nf5 18. Bd3 Qf4 19. Bxf5 Qxf5 20. Qc2
Qf4 21. Re7 Rfd8 22. Rxc7 h6 23. Rxc8 Rxc8 24. Qd1 Rxc1 25. Qxc1 Ne4 26. Qe1
Bd5 27. Nxe4 Bxe4 28. Qe3 Qf5 29. Nd2 Bc6 30. Qc3 Qd5 31. f3 a5 32. Qc4 Kf8 33.
Qxd5 Bxd5 34. Kf2 Ke7 35. Ke3 Kd6 36. Ne4+ Kc6 37. Nc3 Bc4 38. g3 b5 39. h4 b4
40. axb4 axb4 41. Ne4 Kb5 42. Nd6+ Ka4 43. Nxc4 Kb3 44. d5 1-0

[Event "II Weekend Hotel Corallo B"]
[Site "Imperia ITA"]
[Date "2007.11.16"]
[Round "1"]
[White "Spirito, Luca"]
[Black "Pineau, Jean"]
[Result "0-1"]
[WhiteElo "1454"]
[BlackElo "1424"]
[PlyCount "72"]
[EventDate "2007.11.16"]

1. d4 f5 2. c4 Nf6 3. b4 e6 4. a3 d6 5. g3 Be7 6. Bg2 O-O 7. Nc3 c6 8. Nf3 Nbd7
9. Qc2 Rb8 10. Bf4 Nh5 11. e3 Nxf4 12. exf4 Nf6 13. O-O Bd7 14. Rfe1 d5 15. c5
Ne4 16. Re3 Qe8 17. a4 b6 18. Rb1 bxc5 19. bxc5 Rxb1+ 20. Qxb1 Bf6 21. Nxe4
fxe4 22. Ne5 Bxe5 23. fxe5 Qb8 24. Rb3 Qe8 25. Qc1 Qf7 26. f4 Bc8 27. Rb8 Bb7
28. Rxf8+ Kxf8 29. Qd1 Ba6 30. Qb3 Qc7 31. h4 Bc4 32. Qb1 Bd3 33. Qd1 Qa5 34.
Bh3 Qc3 35. Bxe6 e3 36. Qg4 Qe1+ 0-1

[Event "II Weekend Hotel Corallo B"]
[Site "Imperia ITA"]
[Date "2007.11.16"]
[Round "1"]
[White "Zini, Valerio"]
[Black "Balestra, Adriano"]
[Result "1-0"]
[WhiteElo "1500"]
[BlackElo "1437"]
[PlyCount "59"]
[EventDate "2007.11.16"]

1. Nf3 Nc6 2. g3 b6 3. Bg2 Bb7 4. O-O Rb8 5. d4 e6 6. c4 d5 7. cxd5 exd5 8. Nc3
h6 9. Re1 Be7 10. Ne5 Nf6 11. Qa4 Qd6 12. Nb5 Qd8 13. Nxa7 Ra8 14. Nexc6 Bxc6
15. Qxc6+ Nd7 16. Nb5 O-O 17. Qxc7 Qe8 18. Bxd5 Rc8 19. Qxb6 Nf6 20. Nc3 Rxc3
21. Bxf7+ Rxf7 22. bxc3 Nd5 23. Qb2 Qf8 24. e4 Nxc3 25. Qxc3 Bb4 26. Qe3 Rf3
27. Qe2 Bc3 28. Bf4 Rxf4 29. gxf4 Qxf4 30. Qc4+ 1-0

[Event "II Weekend Hotel Corallo B"]
[Site "Imperia ITA"]
[Date "2007.11.17"]
[Round "2"]
[White "Balestra, Adriano"]
[Black "Spirito, Luca"]
[Result "0-1"]
[WhiteElo "1437"]
[BlackElo "1454"]
[PlyCount "55"]
[EventDate "2007.11.16"]

1. e4 e5 2. Nf3 d6 3. Nc3 Nf6 4. d3 Be7 5. Be2 Bg4 6. O-O c6 7. Nh4 O-O 8. Nf5
Bxf5 9. exf5 d5 10. Bg5 Nbd7 11. Bxf6 Nxf6 12. Bg4 Re8 13. Re1 Bd6 14. a3 Qc7
15. g3 Rad8 16. b4 e4 17. dxe4 dxe4 18. Qe2 Be5 19. Na4 Bxa1 20. Rxa1 Qe5 21.
Rb1 e3 22. f3 Rd2 23. Qe1 Nxg4 24. fxg4 Qd4 25. Qf1 Rf2 26. Qh3 Rd8 27. Nc3 Qd2
28. Rd1 0-1